| 000 | 00887nam a2200217 a 4500 | ||
|---|---|---|---|
| 001 | 000350499 | ||
| 003 | AM-YeHGA | ||
| 005 | 20250618072206.0 | ||
| 008 | 040712s2001 ai 000 | arm d | ||
| 020 | _a999302161X | ||
| 040 | _aAM-YeHGA | ||
| 041 | 0 | _aarm | |
| 100 | 1 |
_aՀարությունյան, Կլիմենտ Ամասիայի, _d1940- _92716 |
|
| 245 | 1 | 0 |
_aՀայ ժողովրդի ավանդը Հայրենական Մեծ պատերազմում տարած հաղթանակում (1941-1945) / _cԿ. Հարությունյան, Հ. Մանուկյան. |
| 260 |
_aԵրևան : _bԶանգակ-97, _c2001. |
||
| 300 |
_a128 էջ ; _c19 էջ. |
||
| 504 | _aՄատենագիտ. տողատ. ծանոթ.` հայ. և ռուս. | ||
| 650 | 1 | 4 |
_aՀայրենական Մեծ պատերազմ _9887 |
| 700 | 1 | _aՄանուկյան, Հրաչիկ Հարությունի | |
| 090 | _c135426 | ||
| 999 |
_c134059 _d134059 |
||